| 000 | 00945nam a22002297a 4500 | ||
|---|---|---|---|
| 005 | 20240530110623.0 | ||
| 008 | 161228s2014 ua hk f b 000 0 ara d | ||
| 017 |
_a2013/17735 _bمصر. دار الكتب |
||
| 020 | _a9789777280419 | ||
| 040 |
_aEG-CaGPL _cEG-CaGPL |
||
| 082 | 0 | 4 |
_221 _a660.65\ _bش ع |
| 100 | 0 | _aشيماء جمال احمد | |
| 245 | 1 | 0 |
_aعصر التقنية النانونية و الرقائق الحيوية / _cشيماء جمال احمد ، قيس عبدالوهاب حسين النعيمى |
| 250 | _aط. 1 | ||
| 260 |
_aالقاهرة : _bدار الحكمة للطباعة و النشر و التوزيع ، _c2014. |
||
| 300 |
_a176 ص. : _bايض ؛ _c24 سم. |
||
| 504 | _aيشتمل على ارجاعات ببليوجرافية | ||
| 650 | 0 | 7 |
_2qrmak _aالهندسة الوراثية |
| 653 | 0 | 4 | _aتكنولوجيا النانو |
| 942 |
_2ddc _cBK |
||
| 999 |
_c63097 _d63097 |
||